| 000 | 00408nam a2200169Ia 4500 | ||
|---|---|---|---|
| 001 | 1835 | ||
| 003 | IN-NITTTR | ||
| 005 | 20251114232921.0 | ||
| 008 | 251113s9999||||xx |||||||||||||| ||eng|| | ||
| 040 | _beng | ||
| 040 | _cIN-NITTTR | ||
| 041 | _aeng | ||
| 082 | _a538.6 L M | ||
| 100 | _aLittle, Noel C. | ||
| 245 | 0 |
_aMagnetohydrodynamics : _b A fusion of old and new. / _cLittle, Noel C. |
|
| 942 |
_2ddc _cBK |
||
| 999 |
_c2615 _d2615 |
||